| 000 | 01386nam a2200361 i 4500 | ||
|---|---|---|---|
| 003 | DO-SdBNP | ||
| 005 | 20250415145008.0 | ||
| 007 | ta | ||
| 008 | 250415b2024 dr ||||| |||| 00| 0 spa d | ||
| 020 | _a9789945947847 | ||
| 040 |
_aDO-SdBNP _bspa _cBNPHU _erda |
||
| 041 | _aspa | ||
| 082 | 4 |
_axxx _bF363s _222 |
|
| 100 | 1 |
_aFernández, Osvaldo, _eautor _4aut. _987461 |
|
| 245 | 1 | 0 |
_aSin distancia / _cOsvaldo Fernández, Eugenio Fortunato, Genoveva Del Orbe, Nancy Mejías y José García ; coordinador editorial, Rafael J. Rodríguez Pérez ; prólogo, Mateo Morrison. |
| 264 |
_aSanto Domingo : _bRío De Oro Editores, _c2024. |
||
| 300 |
_a171 páginas _c22 cm. |
||
| 336 |
_atexto _btxt _2rdacontent |
||
| 337 |
_asin mediación _bn _2rdamedia |
||
| 338 |
_avolumen _bnc _2rdacarrier |
||
| 490 | _aColección Logos | ||
| 500 | _aIncluye datos biográficos de los autores en las solapas | ||
| 590 | _aInventariado, 2025 /LP | ||
| 700 | 1 |
_aRodríguez Pérez, Rafael J. _ecoordinador editorial _4coord. _943373 |
|
| 700 | 1 |
_aMejías, Nancy del Orbe, _eautor _4aut. _987462 |
|
| 700 | 1 |
_aFortunato, Eugenio, _eautor _4aut. _987463 |
|
| 700 | 1 |
_aOrbe, Genoveva, _eautor _4aut. _987464 |
|
| 700 | 1 |
_aMejías, Nancy, _eautor _4aut. _987465 |
|
| 700 | 1 |
_aGarcía, José, _eautor _4aut. _936097 |
|
| 700 | 1 |
_aMateo, Morrison, _eprologuista _4pr _987466 |
|
| 910 | _aLP | ||
| 942 |
_2ddc _cLBS1 |
||
| 999 |
_c58728 _d58728 |
||